[Event "San Francisco"]
[Site "San Francisco"]
[Date "1991.??.??"]
[Round "5"]
[White "Rogers, Ian"]
[Black "Wolff, Patrick G"]
[Result "1/2-1/2"]
[WhiteElo "2545"]
[BlackElo "2520"]
[Annotator "Ftacnik,L"]
[PlyCount "67"]
[EventDate "1991.03.??"]
[EventType "tourn"]
[EventRounds "11"]
[EventCountry "USA"]
[EventCategory "12"]
[SourceTitle "CBM 023"]
[Source "ChessBase"]
[SourceDate "1991.08.01"]
[SourceVersion "1"]
[SourceVersionDate "1991.08.01"]
[SourceQuality "1"]

1. d4 Nf6 2. Nf3 g6 3. c4 Bg7 4. Nc3 d5 5. Bf4 O-O 6. Rc1 dxc4 7. e3 Be6 8. Ng5
Bd5 9. e4 h6 10. exd5 hxg5 11. Bxg5 Nxd5 12. Bxc4 Nb6 13. Bb3 Nc6 14. d5 Nd4
15. O-O Qd7 16. a3 Nxb3 $1 {N} (16... Rfe8 17. Ba2 $1 Rad8 18. Re1 Nb5 19. Nxb5
Qxb5 20. Rxc7 Nxd5 21. Qf3 Qa5 22. Rec1 Bxb2 23. R7c5 Qxa3 24. Bxd5 Qxf3 25.
Bxf3 Bxc1 26. Rxc1 Rd7 $14 {Rogers,I-Ftacnik,L/Biel/1984/}) 17. Qxb3 Rfe8 18.
Rfd1 Rad8 19. Bf4 (19. h3 Qf5 20. Be3 Bxc3 21. bxc3 Nxd5) 19... c6 $1 20. dxc6
(20. d6 exd6 21. Rxd6 Qf5 $10) 20... Qxc6 21. h3 (21. Nd5 $2 Qe6) 21... Qc4 22.
Qxc4 Nxc4 23. Nd5 Nxb2 24. Nxe7+ Kf8 25. Rxd8 Rxd8 26. Nc8 Nd3 (26... a6 $6 27.
Bd6+ Kg8 28. Rc7 $16) 27. Rd1 Rxc8 28. Rxd3 Rc4 29. Be3 b6 30. Rd8+ Ke7 31. Ra8
Rc7 32. g4 Bb2 33. a4 Bc1 34. Bxc1 {Ftacnik,L} 1/2-1/2

[Event "Sarajevo Bosnia 28th"]
[Site "Sarajevo"]
[Date "1998.06.04"]
[Round "7"]
[White "Bareev, Evgeny"]
[Black "Lputian, Smbat G"]
[Result "1/2-1/2"]
[WhiteElo "2675"]
[BlackElo "2610"]
[Annotator "Ftacnik,L"]
[PlyCount "46"]
[EventDate "1998.05.29"]
[EventType "tourn"]
[EventRounds "9"]
[EventCountry "BIH"]
[EventCategory "15"]
[SourceTitle "CBM 066"]
[Source "ChessBase"]
[SourceDate "1998.09.30"]
[SourceVersion "1"]
[SourceVersionDate "1998.09.30"]
[SourceQuality "1"]

1. c4 Nf6 2. Nf3 g6 3. Nc3 d5 4. d4 Bg7 5. Bf4 O-O 6. Rc1 dxc4 7. e4 b5 8. Nxb5
(8. e5 $2 Nd5 $17) 8... Nxe4 9. Bxc7 (9. Bxc4 c6 (9... Nd6 $2 10. Nxc7 $1 Qxc7
11. Bxf7+ Rxf7 12. Rxc7 Rxf4 13. Qb3+ $16) 10. Nc3 (10. Nc7 $2 e5 11. Nxa8 exf4
$17) 10... Nd6 (10... Nxc3 $5 11. bxc3 Nd7 12. O-O Nb6 $10) 11. Be2 (11. Bb3
Ba6 12. Be5 Bh6 13. h4 Nd7 14. h5 g5 15. Nxg5 Nxe5 16. dxe5 Qa5 17. f4 Bxg5 18.
Qg4 Ne4 19. fxg5 Nxc3 20. Rxc3 Qxe5+ 21. Kd2 Rad8+ 22. Kc1 Bd3 23. Rxd3 Rxd3
24. g6 Rg3 {0-1 Jirovsky,M-Kalod,R/CZE-ch/1997/ (39)}) 11... Nf5 12. Be5 Bh6 $1
13. Rc2 (13. g4 Nd6 $8 14. g5 Bg7 15. Bxg7 Kxg7 16. h4 $13) 13... Nd7 14. O-O (
14. g4 Nd6 15. g5 Bg7 16. Bxg7 Kxg7 17. h4 Qa5) 14... Qa5 15. Bc4 (15. Qd3 $5
Bb7 16. Qe4 Qb4 $1) 15... Ba6 16. Qe2 (16. b4 $5 Qb6 17. Na4 Qxb4 18. Bxa6 Qxa4
19. Bb7 Nxe5 20. dxe5 Rad8 21. Bxc6 $1 $10) 16... Bxc4 17. Qxc4 Rac8 18. h3 $2
(18. b4 Qb6 19. Na4 Qb5 $15) (18. Ne4 Qd5 19. Nc5 Qxc4 20. Rxc4 Nb6 21. Rc2
Rfd8 $15) (18. Re2 $1) 18... c5 $1 $17 19. Ne4 (19. d5 Nxe5 20. Nxe5 Nd4 $19) (
19. Nd5 cxd4 20. Bc7 Nb6 $17) 19... cxd4 20. Qxc8 (20. Bc7 Nb6) 20... Rxc8 $6 (
20... Nxe5 $1 21. Qc5 Nxf3+ 22. gxf3 Qxa2 $17) 21. Rxc8+ Bf8 22. Bf4 (22. Bxd4
Nxd4 23. Nxd4 Qd5 24. Nc3 $1 Qb7 25. Rd8 Qxb2 26. Rxd7 Qxc3 $15) 22... Qxa2 {
0-1 Van Wely,L-Leko,P/Groningen/1995/ (48)}) (9. Nxc7 $2 e5 10. Nxa8 exf4 11.
Bxc4 Bb7 $17) 9... Qd7 10. Bxc4 a6 (10... Nc6 11. d5 Nb4 12. Be5 Bh6 13. O-O
Ba6 14. Nc7 Bxc1 15. Qxc1 Nd3 16. Bxd3 Bxd3 17. Rd1 Be2 18. Re1 Bxf3 19. gxf3
Nd6 20. Nxa8 Rxa8 21. Qc6 Qd8 22. Qa4 Nf5 23. Qe4 Rc8 24. Bc3 {Kramnik,
V-Kasparov,G/Chess Classic Giants/1998/1-0 (52)}) 11. Na3 (11. Nc3 Nxf2 $1)
11... Nc6 12. O-O Bb7 (12... Qxc7 13. Bd5 Nf6 (13... Qf4 14. Bxc6 Rb8 15. g3
Qf5 16. Nc4 Rd8 17. Ne3 Qe6 18. b3 Bb7 19. Bxb7 Rxb7 20. Qd3 Nf6 21. Qc4 {
1-0 Rogers,I-Mirumian,V/Erevan olm/1996/ (44)}) 14. Bxc6 Rb8 15. Ne5 Qa7 16.
Bf3 Bb7 17. Nac4 Rbd8 18. Qb3 Bxf3 19. Qxf3 Rd5 20. Ne3 Rb5 21. Nc6 Qd7 22. b3
{1-0 Portisch,L-Tukmakov,V/Biel SKA/1996/ (28)}) 13. Bb6 (13. Be5 $6 Bh6 14.
Rb1 (14. Rc2 Rad8 15. Qc1 Nxe5 16. dxe5 e6 $44) 14... Rad8 15. Qe2 $2 (15. Re1
Nxe5 16. dxe5 Qc6 17. Qe2 Nd2 18. Rbd1 {- 15.Qe2}) (15. Qb3 Na5 16. Qb4 Nxc4
17. Nxc4 e6 18. Nb6 Qc6 {/\ Nd2} 19. Nc4 Qb5 $5 20. Qxb5 axb5 21. Ne3 f6 22.
Bc7 Rd7 23. Rfc1 Nd6 $44) 15... Nxe5 16. dxe5 Qc6 $1 17. Kh1 (17. Rbd1 Nd2 18.
Rfe1 Rd4 $1 19. b3 Re4 $1 20. Qd3 Rg4 $19) 17... Nd2 18. Rbc1 Qb6 (18... Nxf3
19. Bxf7+ Rxf7 20. Rxc6 Bxc6 21. e6 Rf6 22. Qxa6 $13) 19. Nxd2 Rxd2 20. Qe1 Qd4
$5 {/\ Qg4} (20... Qxb2 21. Rb1 Bxg2+ 22. Kxg2 Qxa3 23. e6 f5 $17) 21. f3 (21.
e6 f5) 21... Rd8 {0-1 Vegh,E-Feher,G/HUN/1996/ (29)}) 13... Nd6 $6 {This move
seems to be false, since the knight was on an active location and now becomes
a bit obstructing own pieces.} (13... Rab8 {/\ Ba8} 14. b3 (14. Re1 Ba8 15.
Rxe4 Rxb6 $14) 14... Bh6 15. Rc2 Nb4 16. Ne5 Qf5 $44) 14. Bb3 (14. Re1 Nxc4 (
14... Rab8 15. Ne5 Qc8 16. Bd5 $18) 15. Nxc4 Rac8 $14) 14... Rab8 15. Re1 Ba8
16. Bc5 (16. Ne5 $2 Nxe5 17. dxe5 Rxb6 $11) 16... Na5 17. Ba4 Bxf3 18. Bxd7 $6
{It is very surprising, but Bareev's spirited combination is not the best. The
uncomplicated answer 18.gxf3!? would probably punish black for the unexact
rection to the novelty.} (18. gxf3 $5 Qd8 19. b4 Nab7 20. Qe2 $16) 18... Bxd1
19. Rxe7 (19. Rcxd1 Rxb2 20. Rxe7 Ndb7 $13) 19... Nc8 (19... Ndb7 $6 20. Rxd1
Nxc5 21. dxc5 Rxb2 (21... Bxb2 22. Nc2 $16) 22. c6 $16) 20. Re1 (20. Bxc8 Rfxc8
21. Rxd1 Rxb2 22. Rde1 h5 $11) 20... Rd8 (20... Bh5 $2 21. Bxf8 Bxf8 22. Rxc8
$18) 21. Rcxd1 (21. Bxc8 Rdxc8 22. b4 Bxd4 (22... Nc6 $6 23. Rcxd1 Nxb4 24. Rd2
$16) 23. Rexd1 Bxc5 24. bxc5 Rb2 25. Nc4 Nxc4 26. Rxc4 Rxa2 27. c6 Rc7 $11)
21... Rxb2 {Lputian must be very grateful, that his position seems to hold so
many counterchances. White has two bishops and a spare pawn, but his pieces
lack full coordination.} 22. Rb1 Rxa2 (22... Rxb1 23. Nxb1 Nc4 24. Re8+ Rxe8
25. Bxe8 $16) 23. Rb8 (23. Re8+ $6 Rxe8 24. Bxe8 Bf8 $1 $17 (24... Bxd4 25.
Bxd4 Rxa3 26. Bd7 Nb3 27. Bf6 $44)) 23... Bf8 $1 (23... Rxd7 24. Rxc8+ Bf8 25.
Bxf8 $18) (23... Bf8 $1 24. Rxc8 (24. Bxf8 Kxf8 25. Rxc8 Rxc8 26. Bxc8 Rxa3 27.
Bxa6 Nc6 $11) 24... Rxc8 25. Bxc8 Bxc5 26. dxc5 Rxa3 $11) 1/2-1/2

[Event "Bayern-chI Bank Hofmann 20th"]
[Site "Bad Wiessee"]
[Date "2016.11.06"]
[Round "9"]
[White "Saric, Ante"]
[Black "Gupta, Abhijeet"]
[Result "0-1"]
[WhiteElo "2540"]
[BlackElo "2626"]
[Annotator "Gutman,L"]
[PlyCount "96"]
[EventDate "2016.10.29"]
[EventType "swiss"]
[EventRounds "9"]
[EventCountry "GER"]
[SourceTitle "CBM 176"]
[Source "ChessBase"]
[SourceDate "2017.01.17"]
[SourceVersion "1"]
[SourceVersionDate "2017.01.17"]
[SourceQuality "1"]

1. d4 Nf6 2. Nf3 g6 3. c4 Bg7 4. Nc3 d5 5. Bf4 O-O 6. Rc1 c5 (6... dxc4 $5 {
wird empfohlen von Jonathan Rowson, Underständing the Grünfeld, Gambit 1999,
Yelena Dembo, play the Grünfeld, Everyman Chess 2007, Boris Avrukh, The
Grünfeld Defence, Quality Chess 2011, Milos Pavlovic, Unknown Weapons in the
Grünfeld, Thinkers Publishing 2016.}) ({David Vigorito, Chess Developments
the Grünfeld, Everyman Chess 2014, plädiert für} 6... Be6 $5) 7. dxc5 Ne4 $5
{Eine weniger erforschte Idee.} (7... dxc4 {wurde von Andras Adorjan/Jeno
Döry, Grünfeld-Indische Verteidigung, Beyer Verlag 1989, und Alexander
Delchev/ Evgenij Agrest,The Safest Grünfeld, Chess Stars 2011, als das Beste
angegeben.}) 8. cxd5 ({Meistens wurde} 8. e3 {untersucht, doch gemäß Adorjan/
Döry und Delchev, verspricht das Endspiel nach} Nxc3 9. bxc3 dxc4 10. Qxd8
Rxd8 {genügend Gegenspiel.}) 8... Nxc3 9. bxc3 Nd7 $5 (9... Qa5 10. Qd2 Nd7
11. c4 (11. e4 Nxc5 12. e5 b6 13. c4 Qxd2+ 14. Kxd2 Bb7 15. Ke3 e6 $15 {
Kogan-Finkel, Rishon le Zyon 1995}) 11... Qa3 12. g3 Nxc5 13. Bg2 Ne4 14. Qc2
Qa5+ 15. Bd2 Nxd2 16. Qxd2 Qxd2+ 17. Nxd2 b6 18. O-O $14) 10. e4 ({Viel
anspruchsvoller erscheint} 10. c6 $5 Nf6 11. cxb7 ({Auch} 11. d6 {kommt in
Betracht,} exd6 12. c7 (12. Qxd6 bxc6 13. Qxd8 Rxd8 14. e3 Ne4 15. Be5 Be6 16.
Bxg7 Kxg7 17. Nd4 Rdb8 18. f3 Nc5 19. Nxe6+ fxe6 20. Bc4 Rb2 21. O-O Rd8 22.
Rfd1 Rdd2 $11) 12... Qd7 13. Qxd6 Nd5 14. Be5 (14. Qxd7 Bxd7 15. Bd6 Rfc8 16.
c4 Nxc7 17. e3 Ne6 18. Be2 Ba4 19. O-O Rc6 20. Be5 Rd8 $11) 14... Re8 (14...
Bxe5 15. Qxe5 Re8 16. Qd4 Nb6 17. e3 Qxc7 18. Be2 Be6 19. O-O $14) 15. Qxd7
Bxd7 16. c4 Nb4 17. Bxg7 Kxg7 18. e3 Nxa2 19. Rb1 Bc6 $11) 11... Bxb7 12. c4
Rc8 $5 (12... Ne4 13. Nd2 (13. Qd3 Qa5+ 14. Nd2 Nc5 15. Qb1 e6 16. g3 Rfd8 17.
Bg2 exd5 18. O-O $14) (13. Ng5 $5 Qa5+ 14. Bd2 Nxd2 15. Qxd2 $14) 13... Qa5 14.
Qc2 (14. f3 Nc3 15. Qb3 Nxa2 16. Rb1 Ba6 17. e4 Bd4 18. Qd3 $14) 14... f5 15.
f3 Nc3 16. Nb3 Qa3 17. Bd2 Rac8 18. e3 Nxa2 19. Rb1 Qa4 20. Kd1 Bxd5 21. Na5
$16) 13. g3 (13. e3 Qa5+ 14. Qd2 Qa3 $15) 13... Qa5+ 14. Qd2 Qa4 15. Bg2 Rxc4
16. O-O Bxd5 17. Rxc4 Qxc4 18. Ne5 Qb5 19. Qd3 Qxd3 20. Nxd3 Rc8 21. Rb1 Ne4
$11) 10... Nxc5 11. Nd2 (11. e5 Bf5 12. Qd2 (12. Qd4 Rc8 13. Be2 Qa5 14. O-O
Qxa2) 12... Be4 (12... Qa5 $6 13. c4 Qa3 14. Be2 Rac8 15. O-O $16 {
Duong-Voiteanu, Budapest 2006}) 13. c4 Bxf3 14. gxf3 Nd7 15. Bg2 Nxe5 16. O-O
Rc8 17. c5 Qd7 $11) 11... Bd7 12. Qc2 $2 {Zeitverlust.} ({Vorzuziehen war} 12.
Bc4 Rc8 13. Qf3 Na4 14. e5 Qa5 15. O-O b5 16. Bb3 Rxc3 17. Rxc3 Qxc3 (17...
Nxc3 18. Ne4 Nxe4 19. Qxe4 Bf5 20. Qe3 $14) 18. Bxa4 Qxf3 19. Nxf3 bxa4 20. Ra1
Rd8 $11) 12... e6 13. Bc4 Rc8 ({Möglich, aber nicht unbedingt notwendig war} 
13... b5 14. Bd6 Qb6 $5 ({einfacher erscheint} 14... Re8 15. Bxc5 bxc4 16. dxe6
Bxe6 $11) 15. Bxf8 Rxf8 16. Bb3 (16. Bd3 exd5 17. O-O dxe4 18. Nxe4 Rc8 19.
Nxc5 Rxc5 $11) 16... a5 17. a3 Nxb3 18. Qxb3 exd5 19. Qxd5 Bh6 20. Rd1 Be6 21.
Qd3 Rd8 22. Qe2 Rd7 23. Nb1 (23. O-O Bxd2 24. Rxd2 Bc4 $11) 23... Bc4 24. Qf3
Rd6 25. Nd2 Bxd2+ 26. Rxd2 Rxd2 27. Kxd2 Qd6+ 28. Kc2 Qxa3 29. Rb1 a4 $11) 14.
dxe6 ({Jetzt fehlt Weiß Zeit für} 14. O-O {im Hinblick auf} b5 15. Bb3 a5 16.
a3 a4 (16... Nxb3 17. Qxb3 exd5 18. exd5 Qf6 19. Be3 Rxc3 20. Rxc3 Qxc3 21.
Qxc3 Bxc3 22. Ne4 Rc8 23. Rb1 $11) 17. Ba2 exd5 18. Bxd5 Be6 19. c4 bxc4 20.
Nxc4 Bxd5 21. exd5 Nb3 $15) 14... Nxe6 15. Bd6 (15. Be3 b5 16. Bd5 Rxc3 $15)
15... Ba4 ({Viel stärker war} 15... Re8 $5 16. O-O Rxc4 17. Nxc4 Bb5 $17) 16.
Qxa4 Qxd6 17. Bxe6 fxe6 18. Nb1 Bd4 19. Rc2 Qb6 20. O-O Bxf2+ 21. Rcxf2 Rxf2
22. Rxf2 Rf8 23. Qc2 Rxf2 24. Qxf2 Qxb1+ 25. Qf1 Qxe4 26. h3 $2 ({Mehr
Rettungschancen bot Weiß} 26. Qd1 Qe3+ 27. Kh1 Qxc3 28. Qd8+ Kf7 29. Qd7+ Kf6
30. h3 a5 $15) 26... Qe3+ 27. Kh1 Qxc3 28. Qf4 (28. Qd1 Qc8 (28... Qc7 29. Qa4)
29. Qd6 b5 30. Kh2 Qe8 31. Qe5 a5 $17) 28... e5 29. Qg5 Qc7 30. h4 Qd6 31. Qg4
Kg7 32. h5 Qd4 33. Qf3 $2 (33. Qe6 Qd1+ 34. Kh2 Qxh5+ 35. Kg1 Qd1+ 36. Kh2 Kh6
37. Qe7 Qg4 38. Qxb7 a5 $17) 33... Qh4+ 34. Kg1 Qd4+ 35. Kh1 e4 36. Qb3 Qa1+
37. Kh2 Qe5+ 38. Kg1 Qc5+ 39. Kf1 b5 (39... Qb6 40. Qc2 Qc6 $19) 40. Qb2+ Kh6
41. hxg6 Kxg6 42. Qh8 Qc4+ 43. Ke1 Qc1+ 44. Ke2 Qc2+ 45. Ke3 Qd3+ 46. Kf4 Qd2+
47. Kxe4 Qxg2+ 48. Kf4 $2 (48. Ke3 Qg5+ (48... Qxa2 49. Qe8+ Qf7 50. Qxb5) 49.
Ke2 Qh5+ 50. Kd2 Qd5+ $17) 48... Qxa2 0-1

[Event "CZE-ch"]
[Site "Karlovy Vary"]
[Date "2005.02.01"]
[Round "1"]
[White "Lechtynsky, Jiri"]
[Black "Stocek, Jiri"]
[Result "0-1"]
[WhiteElo "2487"]
[BlackElo "2586"]
[Annotator "Krasenkow,M"]
[PlyCount "103"]
[EventDate "2005.02.01"]
[EventType "tourn"]
[EventRounds "11"]
[EventCountry "CZE"]
[EventCategory "11"]
[SourceTitle "CBM 106"]
[Source "ChessBase"]
[SourceDate "2005.06.06"]
[SourceVersion "1"]
[SourceVersionDate "2005.06.06"]
[SourceQuality "1"]

1. d4 Nf6 2. Nf3 g6 3. c4 Bg7 4. Nc3 d5 5. Bf4 O-O 6. Rc1 dxc4 7. e4 Bg4 8.
Bxc4 Nh5 9. Be3 Bxf3 10. gxf3 e5 11. dxe5 Qh4 $5 {A sharp move, instead of the
quiet} (11... Bxe5) {So far, Black has celebrated a lot of successes in this
line.} 12. Qd2 $6 {A quiet and ...apparently inadequate response. Practice has
seen:} (12. e6 fxe6 (12... Nc6 13. exf7+ Kh8 14. f4 Nxf4 15. Qf3 Nh5 16. Ne2
Ne5 17. Qg2 Qf6 18. O-O Nxc4 19. Rxc4 Qxf7 20. b3 Rad8 $11 {1/2-1/2 Dougherty,
M-Tyomkin,D/Ontario 2004/CBM 100 ext (28)}) 13. Bxe6+ Kh8 14. Qd2 (14. Nd5 Nc6
15. Bg4 Nf6 16. Nxf6 Bxf6 17. Rc5 Rad8 18. Rd5 Ne5 19. Rxd8 Rxd8 20. Qe2 Bg7
21. O-O Rf8 22. h3 h5 23. f4 hxg4 24. fxe5 Rf3 25. hxg4 {0-1 Kraidman,
Y-Mikhalevski,V/Givatayim 1997/CBM 058 ext}) 14... Nf4 15. Bxf4 Rxf4 16. Nd5
Rxf3 17. Qe2 Rf8 18. Nxc7 Nc6 19. Rxc6 bxc6 20. Nxa8 Be5 21. Kf1 Bd4 22. f3
Rxa8 {0-1 Tyomkin,D-Wapner,J/Budapest 1997/CBM 056 ext}) (12. Ne2 Nc6 13. f4 g5
14. Rg1 gxf4 15. Nxf4 Nxf4 16. Rg4 Qxh2 17. Bxf4 Qh1+ 18. Bf1 Rad8 19. Rxg7+
Kxg7 20. Qg4+ Kh8 21. Qf5 f6 22. Rxc6 Rd1+ 23. Kxd1 Qxf1+ 24. Kc2 Qxf2+ 25. Bd2
Qxf5 26. exf5 bxc6 $19 {0-1 Inkiov,V-Tyomkin,D/La Roda 2004/CBM 099 ext (33)})
(12. Bxf7+ $5 {(the most critical continuation, which needs more tests)} Rxf7
13. e6 Rf8 14. Qb3 Nc6 $1 15. e7+ Kh8 16. exf8=Q+ Rxf8 17. Kd2 Nd4 18. Bxd4
Bxd4 19. Kc2 b6 20. Kb1 Qxf2 $44 {0-1 Bosboom,M-Finkel,A/Dieren 1997/EXT 98 
(53)}) 12... Nc6 (12... Rd8 $6 13. Nd5 {[%cal Cg7e5,Re3g5]}) 13. f4 Rad8 14.
Nd5 {White's outposts in the centre look solid enough but...} Nxe5 $1 {An
excellent riposte! Black recovers the piece maintaing a strong attack against
White's poorly protected king.} 15. fxe5 c6 16. Bd3 cxd5 17. Bg5 {It is easy
to criticize this move, "winning" Black's useless f8 rook for White's only
defender of dark squares; but what to suggest instead?} Qg4 18. Bxd8 Rxd8 19.
f3 {desperation} Qxf3 20. Rf1 Qh3 21. Qg5 Re8 22. Be2 Bxe5 23. Bxh5 Bxb2 24.
Be2 Bxc1 25. Qxc1 Qxh2 26. Bd3 Qxa2 27. Qc7 Qa1+ 28. Kd2 Qb2+ 29. Kd1 Rf8 30.
exd5 Qb3+ 31. Ke2 Re8+ 32. Kd2 Qxd5 33. Rxf7 Qxf7 34. Bc4 Re6 35. Qc8+ Kg7 36.
Bxe6 {White fights like a lion but the endgame is lost for him, of course.}
Qf4+ 37. Ke2 Qe4+ 38. Kd2 Kf6 39. Bc4 Qd4+ 40. Bd3 Qb4+ 41. Ke2 Qe7+ 42. Kf3
Kg7 {Black doesn't see a winning plan yet but he needn't hurry.} 43. Bc4 $2 {
Overlooking the exchange of queens, after which the game is over.} (43. Kg2
$142) 43... Qf8+ 44. Qxf8+ Kxf8 45. Kf4 a5 46. Bb5 Ke7 47. Ke5 h5 48. Bd3 g5
49. Be2 h4 50. Bg4 a4 51. Kd4 Kd6 52. Bd1 0-1

[Event "Groningen"]
[Site "Groningen"]
[Date "1995.??.??"]
[Round "4"]
[White "Van Wely, Loek"]
[Black "Leko, Peter"]
[Result "0-1"]
[WhiteElo "2585"]
[BlackElo "2605"]
[Annotator "Leko,P"]
[PlyCount "96"]
[EventDate "1995.12.??"]
[EventType "tourn"]
[EventRounds "11"]
[EventCountry "NED"]
[EventCategory "17"]
[SourceTitle "CBM 051"]
[Source "ChessBase"]
[SourceDate "1996.04.01"]
[SourceVersion "1"]
[SourceVersionDate "1996.04.01"]
[SourceQuality "1"]

1. d4 {Kortschnoj King Tischbierek} Nf6 2. c4 g6 3. Nc3 d5 4. Nf3 Bg7 5. Bf4
O-O 6. Rc1 dxc4 7. e4 b5 $1 {* N Adorjan TN} (7... c5) 8. Nxb5 (8. e5 $2 Nd5
$17) 8... Nxe4 9. Bxc4 (9. Nxc7 $2 e5 10. Nxa8 exf4 11. Bxc4 Bb7 $17) (9. Bxc7
Qd7 10. Bxc4 a6 11. Nc3 (11. Na3 Nc6 12. Be5 Nxe5 13. dxe5 Qg4 $1 14. O-O Bb7
15. h3 Qf4 $17) 11... Nxf2 $1) 9... c6 (9... Nd6 $2 10. Nxc7 $1 Qxc7 11. Bxf7+
Rxf7 12. Rxc7 Rxf4 13. Qb3+ $16) 10. Nc3 (10. Nc7 $2 e5 11. Nxa8 exf4 $17)
10... Nd6 (10... Nxc3 $5 11. bxc3 (11. Rxc3 c5 12. Be5 cxd4 13. Qxd4 Qxd4 14.
Bxd4 Bb7 $10) 11... Nd7 12. O-O Nb6 $10) 11. Be2 Nf5 12. Be5 Bh6 $1 13. Rc2 (
13. g4 Nd6 $8 14. g5 Bg7 15. Bxg7 Kxg7 16. h4 $13) 13... Nd7 14. O-O (14. g4
Nd6 15. g5 Bg7 16. Bxg7 Kxg7 17. h4 Qa5) 14... Qa5 15. Bc4 (15. Qd3 $5 Bb7 16.
Qe4 Qb4 $1) 15... Ba6 16. Qe2 (16. b4 $5 Qb6 (16... Qa3 17. Nb1 Qa4 18. Nc3)
17. Na4 Qxb4 (17... Qb7 $5) 18. Bxa6 Qxa4 19. Bb7 Nxe5 20. dxe5 Rad8 21. Bxc6
$1 $10) 16... Bxc4 17. Qxc4 Rac8 18. h3 $2 (18. b4 Qb6 19. Na4 Qb5 $15) (18.
Ne4 Qd5 19. Nc5 Qxc4 20. Rxc4 Nb6 21. Rc2 Rfd8 $15) (18. Re2 $1 {Kortschnoj})
18... c5 $1 $17 19. Ne4 (19. d5 Nxe5 20. Nxe5 Nd4 $19) (19. Nd5 cxd4 20. Bc7 (
20. Qxc8 Rxc8 21. Rxc8+ Bf8 $19) 20... Nb6 $17) 19... cxd4 20. Qxc8 {*} (20.
Bc7 Nb6) 20... Rxc8 $6 (20... Nxe5 $1 21. Qc5 (21. Nxe5 Rxc8 22. Rxc8+ Kg7 23.
Rc5 Qxa2 24. g4 (24. Nd3 Qb3) 24... Nd6 $1 $19) (21. Qb7 Nxf3+ 22. gxf3 Qxa2
$17 (22... d3 23. Rc3 d2 $17)) 21... Nxf3+ 22. gxf3 Qxa2 $17) 21. Rxc8+ Bf8 22.
Bf4 (22. Bxd4 Nxd4 23. Nxd4 Qd5 24. Nc3 $1 {Tischbierek} Qb7 (24... Qxd4 25.
Rd1) 25. Rd8 Qxb2 26. Rxd7 Qxc3 $15) 22... Qxa2 {King: White is simply too
many pawns down. In striving to create some play with g4, the situation
becomes worse as the king is fatally weakened.} 23. g4 $1 (23. Rd8 $6 {Piket,J}
Qd5 (23... Qa4 24. Re1 f6 25. g4 Ng7 26. Bh6 Ne6 (26... Kf7 27. Neg5+ $1) 27.
Nxf6+ exf6 28. Rxe6 Kf7 29. Rde8 $1 Bc5 $10 (29... Bxh6 $4 30. R6e7#)) 24. Re1
f6 25. Nd6 Nc5 $1 $19) 23... Qd5 24. Re1 Ng7 25. Ned2 Ne6 26. Bh6 f6 (26... Qb7
$6 27. Rec1 Nb6 (27... Qxb2 $1 28. Rb1 Qa3) 28. Re8 Qd7 29. Rb8) 27. Bxf8 (27.
Nxd4 $1 Qxd4 $1 (27... Nxd4 28. Rxe7 Ne6 29. Rce8 $1) 28. Rxe6 Kf7 29. Be3 Qxb2
30. Ra6 Qb7 31. Rac6 (31. Rcc6 Nb6 $1 (31... Nb8 32. Rxf6+ $1 $10)) 31... a5
32. R6c7 Qb5 33. Ra7 $15) 27... Ndxf8 $17 28. Rc4 Kf7 29. Ra4 a5 30. Rea1 Nf4 {
King: Look at the white knights. This is a common problem when facing the
queen: although they protect each other, they are rigid; as soon as they move
away from each other, they are simply too loose. (Think back to Parker-King in
the introduction). In general, rooks work more effectively with bishops.} 31.
Rxa5 (31. Rxd4 $2 Ne2+) 31... Qd6 (31... Nxh3+ $2 32. Kh2) 32. Ra7 Nxh3+ 33.
Kf1 Ne6 34. R1a6 Qb4 35. Kg2 Nhf4+ 36. Kh2 Qxb2 37. Rd6 Qb8 38. Rdd7 Nd5+ 39.
Kg1 Nc5 $19 40. Rxd5 Qxa7 41. Rxd4 Ne6 42. Rc4 Qd7 43. g5 Qd5 44. gxf6 exf6 45.
Ne4 g5 (45... Qxc4 $4 46. Nd6+) 46. Rb4 Kg6 47. Kg2 Nf4+ 48. Kg3 Qf5 0-1

[Event "EU-ch 13th"]
[Site "Plovdiv"]
[Date "2012.03.21"]
[Round "2"]
[White "Riazantsev, Alexander"]
[Black "Grigorov, Grigor"]
[Result "1-0"]
[WhiteElo "2710"]
[BlackElo "2489"]
[Annotator "Let's Check"]
[PlyCount "107"]
[EventDate "2012.03.20"]
[EventType "swiss"]
[EventRounds "11"]
[EventCountry "BUL"]
[SourceTitle "CBM 148"]
[Source "ChessBase"]
[SourceDate "2012.05.16"]
[SourceVersion "1"]
[SourceVersionDate "2012.05.16"]
[SourceQuality "1"]

1. d4 Nf6 2. c4 g6 3. Nc3 d5 4. Nf3 Bg7 5. Bf4 O-O 6. Rc1 dxc4 7. e4 Bg4 8. Be3
Nfd7 9. Bxc4 Bxf3 10. gxf3 Nb6 11. Bb5 e6 12. h4 a6 13. Be2 Nc6 14. e5 Qe7 15.
Rc2 Nb4 16. Rd2 N4d5 17. Ne4 Nxe3 18. fxe3 Nd5 19. Qb3 c5 20. f4 cxd4 21. Rxd4
b5 22. Nd6 Rad8 23. h5 Qc7 $2 (23... Rxd6 24. exd6 Qb7 $11) 24. Rxd5 $2 (24.
Bf3 Nb6 25. Ke2 $16) 24... exd5 $11 25. Qxd5 Rfe8 26. h6 $2 (26. Kf2 Re6 27.
hxg6 $11) 26... Rxd6 $2 (26... Qc1+ 27. Kf2 Rxd6 $19) 27. Qxd6 $11 Qxd6 28.
exd6 Bxb2 29. Kf2 Rd8 30. Rd1 Ba3 31. d7 Kf8 32. Bf3 Ke7 33. Bc6 Bd6 34. Kf3
Bc7 35. e4 Rb8 36. e5 a5 37. Rd5 b4 38. Ba4 Bd8 39. Ke4 Ra8 40. Rd6 Ra7 41. Rf6
Rc7 (41... Kf8 42. Kd5 $1 $16) 42. Bb3 $18 Kxd7 43. Rxf7+ Kc6 44. Rg7 Kc5 45.
Ba4 Re7 46. Kd3 Kd5 47. Bb3+ Kc5 48. Bg8 a4 49. Bxh7 b3 50. axb3 a3 51. Bg8 Kb4
52. Rxe7 Bxe7 53. Kc2 Bf8 54. e6 1-0